[Event "34th European Club Cup 2018"]
[Site "Halkidiki"]
[Date "2018.10.16"]
[Round "5"]
[White "Gaehwiler, Gabriel"]
[Black "Malikentzos, Sotirios"]
[Result "0-1"]
[WhiteElo "2439"]
[BlackElo "2441"]
[Annotator "TA"]
[PlyCount "74"]
[EventDate "2018.10.12"]
[EventType "team-tourn"]
[EventCountry "GRE"]
[SourceTitle "playchess.com"]
[Source "ChessBase"]
[SourceQuality "1"]
[WhiteTeam "Winterthur"]
[BlackTeam "Thessalonikis"]

1. d4 d5 2. c4 e6 3. Nf3 Nf6 4. g3 dxc4 5. Bg2 Bb4+ 6. Bd2 a5 7. Qc2 O-O 8. Qxc4 Bxd2+ 9. Nbxd2 b6 10. Ne5 Ra7 11. Ndf3 Ba6 12. Qc2 c5 13. dxc5 Rc7 14. c6 Qd6 15. Rd1 Nd5 16. O-O Nxc6 17. Ng5 g6 18. Ng4 Ne5 19. Qe4 Nxg4 20. Qxg4 Qe5 21. Rd2 Rc4 22. Nf3 Qg7 23. Nd4 Ne7 24. b3 Rc5 25. Nxe6 Bc8 26. Nxg7 Bxg4 27. h3 Bc8 28. Rd6 Kxg7 29. Rxb6 Nd5 30. Rd6 Be6 31. Rd1 Nc3 32. R1d2 Rfc8 33. Ra6 R8c7 34. Kh2 h5 35. e4 Bc8 36. Ra8 Bb7 37. Re8 Bc6 0-1

[Event "34th European Club Cup 2018"]
[Site "Halkidiki"]
[Date "2018.10.16"]
[Round "5"]
[White "Jens, Jelmer"]
[Black "Handke, Florian"]
[Result "0-1"]
[WhiteElo "2435"]
[BlackElo "2536"]
[Annotator "TA"]
[PlyCount "52"]
[EventDate "2018.10.12"]
[EventType "team-tourn"]
[EventCountry "GRE"]
[SourceTitle "playchess.com"]
[Source "ChessBase"]
[SourceQuality "1"]
[WhiteTeam "Leiden"]
[BlackTeam "Aachen"]

1. e4 d6 2. d4 Nf6 3. Nc3 g6 4. Bg5 c6 5. Qd2 Nbd7 6. f4 d5 7. e5 Ne4 8. Nxe4 dxe4 9. e6 fxe6 10. Bc4 Nb6 11. Bb3 a5 12. a3 a4 13. Ba2 Bg7 14. Ne2 Nd5 15. c3 Qb6 16. Rd1 O-O 17. Bb1 e3 18. Qc1 e5 19. fxe5 Rf2 20. Bd3 Rxg2 21. Bxe3 Bg4 22. Bf2 Rf8 23. Bg3 Rf3 24. Bc4 e6 25. Qg5 Ne3 26. Bd3 Qxb2 0-1

[Event "34th European Club Cup 2018"]
[Site "Halkidiki"]
[Date "2018.10.16"]
[Round "5"]
[White "Ris, Robert"]
[Black "Danchevski, Orce"]
[Result "1-0"]
[WhiteElo "2435"]
[BlackElo "2358"]
[Annotator "TA"]
[PlyCount "79"]
[EventDate "2018.10.12"]
[EventType "team-tourn"]
[EventCountry "GRE"]
[SourceTitle "playchess.com"]
[Source "ChessBase"]
[SourceQuality "1"]
[WhiteTeam "BSG"]
[BlackTeam "Asseco SEE"]

1. e4 c5 2. Nf3 d6 3. d4 Nf6 4. Nc3 cxd4 5. Nxd4 Nc6 6. Bg5 e6 7. Qd2 a6 8. O-O-O h6 9. Nxc6 bxc6 10. Bf4 d5 11. Qe3 Bb4 12. Be2 Qa5 13. Be5 Bb7 14. Kb1 O-O-O 15. exd5 cxd5 16. a3 Bf8 17. Rd3 Nd7 18. b4 Qb6 19. Bd4 Qd6 20. f4 Bc6 21. Ka1 f6 22. Bg4 Re8 23. Re1 g5 24. g3 Bg7 25. Bxe6 Kb7 26. f5 Ne5 27. Bc5 Qb8 28. Bxd5 Nxd3 29. Bxc6+ Kxc6 30. Qf3+ Kc7 31. Rxe8 Qxe8 32. Qxd3 Qe5 33. Ka2 Rd8 34. Qxa6 Rb8 35. Qa7+ Kc8 36. Qxg7 Qxc3 37. Qf8+ Kb7 38. Qe7+ Kc8 39. Qe6+ Kc7 40. Qd6+ 1-0

[Event "34th European Club Cup 2018"]
[Site "Halkidiki"]
[Date "2018.10.16"]
[Round "5"]
[White "Sagit, Rauan"]
[Black "Lopez, Jasel"]
[Result "1/2-1/2"]
[WhiteElo "2434"]
[BlackElo "2366"]
[Annotator "TA"]
[PlyCount "118"]
[EventDate "2018.10.12"]
[EventType "team-tourn"]
[EventCountry "GRE"]
[SourceTitle "playchess.com"]
[Source "ChessBase"]
[SourceQuality "1"]
[WhiteTeam "Team Viking"]
[BlackTeam "Deloitte"]

1. Nf3 d5 2. g3 Nc6 3. d3 e5 4. Bg2 Nf6 5. O-O Be7 6. c4 d4 7. b4 Nxb4 8. Nxe5 O-O 9. Nd2 Bd6 10. a3 Na6 11. Nef3 c5 12. Rb1 Rb8 13. Re1 Re8 14. Nb3 Bd7 15. Bd2 Ba4 16. Qc1 Nc7 17. Nh4 b6 18. Nf5 Bf8 19. Bf4 Qd7 20. Bh3 Qc6 21. Nd2 Rbd8 22. f3 Ne6 23. Ne4 Nxf4 24. Qxf4 Nxe4 25. fxe4 g6 26. Nh6+ Bxh6 27. Qxh6 Re5 28. Qf4 f6 29. Rf1 Kg7 30. Rf2 Qd6 31. Rbf1 Rf8 32. Bg4 Rf7 33. Bh3 Bd7 34. Bg2 Ba4 35. h4 Bd7 36. g4 Be6 37. Qg3 h6 38. g5 fxg5 39. hxg5 hxg5 40. a4 a6 41. Rf3 Rxf3 42. Qxf3 Bg8 43. Qg3 Be6 44. Rb1 g4 45. Qf4 Bd7 46. a5 b5 47. cxb5 Bxb5 48. Qxg4 Rh5 49. Kf2 Qf6+ 50. Qf3 Qh4+ 51. Qg3 Qxg3+ 52. Kxg3 c4 53. Bf3 Rc5 54. dxc4 Rxc4 55. Kf4 Kf6 56. Rg1 Ra4 57. Rg5 d3 58. exd3 Bxd3 59. Rd5 g5+ 1/2-1/2

[Event "34th European Club Cup 2018"]
[Site "Halkidiki"]
[Date "2018.10.16"]
[Round "5"]
[White "Bagi, Mate"]
[Black "Stillger, Bernhard"]
[Result "1-0"]
[WhiteElo "2432"]
[BlackElo "2265"]
[Annotator "TA"]
[PlyCount "93"]
[EventDate "2018.10.12"]
[EventType "team-tourn"]
[EventCountry "GRE"]
[SourceTitle "playchess.com"]
[Source "ChessBase"]
[SourceQuality "1"]
[WhiteTeam "Dunajska Streda"]
[BlackTeam "Eynatten"]

1. e4 e5 2. Nf3 Nf6 3. Nc3 Nc6 4. Bb5 Nd4 5. Bc4 Bc5 6. d3 d6 7. Na4 b5 8. Nxd4 bxc4 9. Nf3 Bb6 10. Bg5 cxd3 11. Qxd3 Be6 12. O-O h6 13. Be3 O-O 14. Nxb6 axb6 15. a4 Qd7 16. b3 Qc6 17. Nd2 d5 18. exd5 Bxd5 19. f3 Rfd8 20. Qe2 Rd7 21. c4 Be6 22. Rfd1 Bf5 23. Nf1 Rad8 24. Rxd7 Qxd7 25. Ng3 Bg6 26. c5 bxc5 27. Bxc5 Qd5 28. b4 e4 29. f4 h5 30. a5 h4 31. Nf1 h3 32. Ne3 Qd3 33. Qe1 Bh5 34. a6 Ra8 35. a7 hxg2 36. Qh4 Nd5 37. Nxd5 Qxd5 38. Qg5 Qxg5 39. fxg5 e3 40. Kxg2 e2 41. Kf2 f6 42. gxf6 gxf6 43. Be3 Kf7 44. Bf4 c6 45. Bb8 Ke6 46. Rc1 Kd7 47. h3 1-0

[Event "34th European Club Cup 2018"]
[Site "Halkidiki"]
[Date "2018.10.16"]
[Round "5"]
[White "Lauber, Arnd"]
[Black "Zumsande, Martin"]
[Result "0-1"]
[WhiteElo "2431"]
[BlackElo "2492"]
[Annotator "TA"]
[PlyCount "62"]
[EventDate "2018.10.12"]
[EventType "team-tourn"]
[EventCountry "GRE"]
[SourceTitle "playchess.com"]
[Source "ChessBase"]
[SourceQuality "1"]
[WhiteTeam "Berlin"]
[BlackTeam "Bremen"]

1. Nf3 d5 2. g3 Nf6 3. Bg2 e6 4. O-O b5 5. d3 Be7 6. Nbd2 Bb7 7. e4 dxe4 8. Ng5 Nbd7 9. a4 b4 10. a5 Rb8 11. a6 Ba8 12. Ndxe4 Nxe4 13. Nxe4 O-O 14. Be3 c5 15. Qh5 Qc8 16. Ra5 f5 17. Nd2 Bxg2 18. Kxg2 Rb6 19. Rfa1 e5 20. f4 exf4 21. Bxf4 Re6 22. Qf3 g5 23. Be3 g4 24. Qf2 Qc6+ 25. Kg1 Bd8 26. R5a2 Rfe8 27. Re1 Bg5 28. Nc4 Ne5 29. Qxf5 Nf3+ 30. Kf2 Rf8 31. Qxc5 Bxe3+ 0-1

[Event "34th European Club Cup 2018"]
[Site "Halkidiki"]
[Date "2018.10.16"]
[Round "5"]
[White "Gunnarsson, Arnar"]
[Black "Tryggestad, Andreas Garberg"]
[Result "1-0"]
[WhiteElo "2428"]
[BlackElo "2320"]
[Annotator "TA"]
[PlyCount "105"]
[EventDate "2018.10.12"]
[EventType "team-tourn"]
[EventCountry "GRE"]
[SourceTitle "playchess.com"]
[Source "ChessBase"]
[SourceQuality "1"]
[WhiteTeam "Reykjavik"]
[BlackTeam "Nordstrand"]

1. c4 c6 2. b3 d5 3. Bb2 Nf6 4. Nf3 g6 5. e3 Bg7 6. Be2 O-O 7. O-O a5 8. Nc3 Na6 9. Rc1 Ne4 10. d4 Bf5 11. cxd5 cxd5 12. Na4 Bd7 13. Ne5 Be8 14. f3 Nd6 15. Qd2 f6 16. Ng4 Bc6 17. Bxa6 Bxa4 18. Bd3 Bc6 19. Rc5 Qb6 20. Bc3 a4 21. Ba5 Qa7 22. bxa4 f5 23. Nf2 e5 24. Qb4 f4 25. e4 dxe4 26. fxe4 exd4 27. Bc7 Ne8 28. Ra5 Nxc7 29. Rxa7 Rxa7 30. Qb6 Rxa4 31. Qxc7 Ra3 32. Bc4+ Kh8 33. Bb3 Raa8 34. Re1 f3 35. g3 Bb5 36. Bc4 Rac8 37. Qxc8 Rxc8 38. Bxb5 Rc2 39. e5 Bf8 40. e6 Be7 41. a4 Kg7 42. Rf1 Kf6 43. Nd3 Kxe6 44. Nf4+ Kd6 45. Rxf3 Bd8 46. Rf2 Rc1+ 47. Kg2 Ba5 48. Nd3 Rc7 49. Rf6+ Kd5 50. Nf4+ Ke4 51. Re6+ Kf5 52. Bd3+ Kg5 53. Re5+ 1-0

[Event "34th European Club Cup 2018"]
[Site "Halkidiki"]
[Date "2018.10.16"]
[Round "5"]
[White "Kjartansson, Gudmundur"]
[Black "Blomqvist, Erik"]
[Result "0-1"]
[WhiteElo "2428"]
[BlackElo "2499"]
[Annotator "TA"]
[PlyCount "64"]
[EventDate "2018.10.12"]
[EventType "team-tourn"]
[EventCountry "GRE"]
[SourceTitle "playchess.com"]
[Source "ChessBase"]
[SourceQuality "1"]
[WhiteTeam "Reykjavik"]
[BlackTeam "Nordstrand"]

1. d4 Nf6 2. c4 e6 3. Nc3 Bb4 4. e3 c5 5. Bd3 Bxc3+ 6. bxc3 d6 7. e4 Nc6 8. Be3 e5 9. d5 Ne7 10. f3 Nh5 11. Ne2 f5 12. exf5 Bxf5 13. Ng3 Bxd3 14. Qxd3 Nf4 15. Bxf4 exf4 16. Nf5 O-O 17. Nxe7+ Qxe7+ 18. Kf2 Qh4+ 19. g3 Qh3 20. Rae1 Rae8 21. Rxe8 Rxe8 22. Qf1 Qh5 23. Qd1 Re3 24. gxf4 Rxc3 25. Qe2 Kf8 26. Qe4 Qh3 27. Rg1 Ra3 28. Rxg7 Rxa2+ 29. Ke3 Ra3+ 30. Kf2 Qxf3+ 31. Qxf3 Rxf3+ 32. Kxf3 Kxg7 0-1

[Event "34th European Club Cup 2018"]
[Site "Halkidiki"]
[Date "2018.10.16"]
[Round "5"]
[White "Jepson, Christian"]
[Black "Berend, Fred"]
[Result "0-1"]
[WhiteElo "2413"]
[BlackElo "2350"]
[Annotator "TA"]
[PlyCount "158"]
[EventDate "2018.10.12"]
[EventType "team-tourn"]
[EventCountry "GRE"]
[SourceTitle "playchess.com"]
[Source "ChessBase"]
[SourceQuality "1"]
[WhiteTeam "Nordkalotten"]
[BlackTeam "Dudelange"]

1. d4 Nf6 2. c4 e6 3. Nc3 Bb4 4. e3 O-O 5. Bd3 d5 6. Nf3 c5 7. O-O cxd4 8. exd4 dxc4 9. Bxc4 b6 10. Bg5 Bb7 11. Re1 Nbd7 12. Rc1 Qb8 13. Bd3 Bd6 14. Ne4 Bf4 15. Bxf4 Qxf4 16. g3 Qg4 17. Rc7 Rab8 18. Nxf6+ Nxf6 19. Ne5 Qxd1 20. Rxd1 Nd5 21. Rd7 Nf6 22. Rc7 Nd5 23. Rd7 f6 24. Ng4 Rfd8 25. Rxd8+ Rxd8 26. Ne3 Kf7 27. Kf1 Nb4 28. Be2 Rc8 29. a3 Nd5 30. Bd3 h6 31. Ke2 Ne7 32. Bc4 Rd8 33. f4 g6 34. Bb3 Be4 35. g4 f5 36. h3 Kf6 37. h4 Rh8 38. Kf2 Rd8 39. Ke2 Rc8 40. Kf2 Nd5 41. Bxd5 Bxd5 42. gxf5 gxf5 43. Rg1 h5 44. Rg5 Bb3 45. Rxh5 Rd8 46. d5 Bxd5 47. Nxd5+ Rxd5 48. Rh6+ Kf7 49. Ke3 Rb5 50. Rh7+ Kg6 51. Rxa7 Rxb2 52. Re7 Kf6 53. Rb7 Rb3+ 54. Kf2 Kg6 55. Re7 Kh5 56. Rxe6 Kg4 57. h5 Kxh5 58. Re2 b5 59. Ra2 Kg4 60. a4 b4 61. a5 Ra3 62. Rb2 b3 63. Ke3 Kg3 64. Rb1 Kg2 65. Rb2+ Kg3 66. Rb1 b2+ 67. Ke2 Ra2 68. Ke3 Rxa5 69. Rxb2 Ra4 70. Ke2 Rxf4 71. Rb8 Kg2 72. Rf8 Rf2+ 73. Ke1 Rf3 74. Rg8+ Rg3 75. Rf8 Re3+ 76. Kd2 Re5 77. Rg8+ Kf2 78. Rh8 Rd5+ 79. Kc3 f4 0-1

[Event "34th European Club Cup 2018"]
[Site "Halkidiki"]
[Date "2018.10.16"]
[Round "5"]
[White "Mutschnik, Illya"]
[Black "Matlakov, Maxim"]
[Result "1/2-1/2"]
[WhiteElo "2411"]
[BlackElo "2683"]
[Annotator "TA"]
[PlyCount "86"]
[EventDate "2018.10.12"]
[EventType "team-tourn"]
[EventCountry "GRE"]
[SourceTitle "playchess.com"]
[Source "ChessBase"]
[SourceQuality "1"]
[WhiteTeam "Zurich"]
[BlackTeam "St.Petersburg"]

1. e4 c5 2. Nf3 d6 3. d4 cxd4 4. Nxd4 Nf6 5. Nc3 a6 6. Be3 e5 7. Nb3 Be6 8. Qd2 Nbd7 9. O-O-O b5 10. f4 Be7 11. f5 Bc4 12. g4 Nxg4 13. Rg1 Ndf6 14. Be2 Nxe3 15. Qxe3 Bxe2 16. Qxe2 g6 17. Rdf1 Rc8 18. Nd5 Nxd5 19. exd5 Bg5+ 20. Kb1 O-O 21. h4 Bf4 22. Nd2 Kh8 23. fxg6 fxg6 24. Ne4 Rf5 25. b3 Qb6 26. h5 Rxh5 27. Rh1 Rxh1 28. Rxh1 Qc7 29. Qg2 Kg7 30. c3 Rd8 31. Qg4 h6 32. Kb2 Qf7 33. Rg1 a5 34. c4 bxc4 35. bxc4 g5 36. Kc2 Be3 37. Rb1 h5 38. Qe6 Qxe6 39. dxe6 Kg6 40. Rb7 Re8 41. e7 Bc5 42. Kd3 h4 43. Rd7 h3 1/2-1/2

[Event "34th European Club Cup 2018"]
[Site "Halkidiki"]
[Date "2018.10.16"]
[Round "5"]
[White "Kazakovskiy, Valeriy"]
[Black "Makolli, Perparim"]
[Result "1-0"]
[WhiteElo "2405"]
[BlackElo "2284"]
[Annotator "TA"]
[PlyCount "167"]
[EventDate "2018.10.12"]
[EventType "team-tourn"]
[EventCountry "GRE"]
[SourceTitle "playchess.com"]
[Source "ChessBase"]
[SourceQuality "1"]
[WhiteTeam "Overtime"]
[BlackTeam "Drejtesia"]

1. d4 d5 2. c4 dxc4 3. Qa4+ Nd7 4. Nf3 e6 5. Nc3 Ngf6 6. e4 Be7 7. Bxc4 O-O 8. Qc2 c5 9. dxc5 Nxc5 10. O-O Qc7 11. e5 Nfd7 12. Nb5 Qc6 13. Bg5 Bxg5 14. Nxg5 g6 15. Nd4 Qb6 16. Rfe1 Qd8 17. Ngf3 Nb6 18. Bf1 Qe7 19. Rac1 Na6 20. Qd2 Kg7 21. Nb5 Nd5 22. Nd6 Nab4 23. Bc4 Nc6 24. Bxd5 exd5 25. Qxd5 Rd8 26. Qc5 Kg8 27. Nxc8 Raxc8 28. Qxe7 Nxe7 29. g3 Rxc1 30. Rxc1 Nc6 31. Re1 Kf8 32. Kg2 Rd5 33. Re3 Rb5 34. b3 Ke7 35. Re4 h6 36. Rh4 Nxe5 37. Rxh6 Nxf3 38. Kxf3 Ra5 39. a4 b5 40. Rh4 Kf6 41. Rf4+ Kg7 42. Ke3 bxa4 43. bxa4 Rc5 44. Kd4 Rc2 45. h4 Rc1 46. Kd5 a6 47. Rc4 Rf1 48. Rf4 Rc1 49. Kd6 Rc2 50. Kd5 Rc1 51. Ke4 Rc4+ 52. Kf3 Rc3+ 53. Kg2 Rc1 54. Rd4 Ra1 55. f3 Ra2+ 56. Kh3 Ra3 57. Kg4 Kh6 58. Kf4 Kg7 59. g4 Ra1 60. Kg3 a5 61. Kf4 Kf6 62. Ke4 Re1+ 63. Kd5 Rb1 64. Kc5 Rb2 65. Rf4+ Ke6 66. Re4+ Kd7 67. g5 Rb3 68. f4 Rb1 69. Kd5 Rh1 70. Ke5 Ke7 71. f5 gxf5 72. Kxf5+ Kf8 73. Kg4 Ra1 74. h5 Kg7 75. Kf5 Rf1+ 76. Rf4 Re1 77. h6+ Kg8 78. Rd4 Rf1+ 79. Ke5 Rg1 80. Kf5 Rf1+ 81. Rf4 Re1 82. Rf3 Ra1 83. Kf6 Rh1 84. Rf5 1-0

[Event "34th European Club Cup 2018"]
[Site "Halkidiki"]
[Date "2018.10.16"]
[Round "5"]
[White "Polzin, Rainer"]
[Black "Richter, Christian"]
[Result "1/2-1/2"]
[WhiteElo "2397"]
[BlackElo "2356"]
[Annotator "TA"]
[PlyCount "66"]
[EventDate "2018.10.12"]
[EventType "team-tourn"]
[EventCountry "GRE"]
[SourceTitle "playchess.com"]
[Source "ChessBase"]
[SourceQuality "1"]
[WhiteTeam "Berlin"]
[BlackTeam "Bremen"]

1. e4 e5 2. Nf3 Nc6 3. Bb5 a6 4. Ba4 d6 5. c3 Bd7 6. d4 g6 7. O-O Bg7 8. d5 Nce7 9. c4 h6 10. Nc3 f5 11. exf5 gxf5 12. Bc2 Nf6 13. Nh4 O-O 14. a4 Rc8 15. a5 Qe8 16. f4 e4 17. Ba4 Kh7 18. g3 Bxa4 19. Rxa4 c6 20. Rb4 cxd5 21. Nxd5 Nexd5 22. cxd5 Qd7 23. Be3 Rf7 24. Bb6 Bh8 25. h3 h5 26. Kh2 Kh6 27. Rg1 Rh7 28. Be3 Rf7 29. Rb6 Kh7 30. Bd4 Kg8 31. Bxf6 Bxf6 32. Qxh5 Bd4 33. Rg2 Bxb6 1/2-1/2

[Event "34th European Club Cup 2018"]
[Site "Halkidiki"]
[Date "2018.10.16"]
[Round "5"]
[White "Roberson, Peter T"]
[Black "Borge, Nikolaj"]
[Result "1/2-1/2"]
[WhiteElo "2396"]
[BlackElo "2385"]
[Annotator "TA"]
[PlyCount "131"]
[EventDate "2018.10.12"]
[EventType "team-tourn"]
[EventCountry "GRE"]
[SourceTitle "playchess.com"]
[Source "ChessBase"]
[SourceQuality "1"]
[WhiteTeam "Grantham"]
[BlackTeam "Hillerod"]

1. e4 c5 2. Nf3 Nc6 3. c3 Nf6 4. e5 Nd5 5. Bc4 Nb6 6. Bb3 d5 7. exd6 Qxd6 8. Na3 Be6 9. d4 cxd4 10. Nb5 Qd7 11. Bxe6 Qxe6+ 12. Be3 Qd7 13. Nbxd4 Nd5 14. O-O f6 15. Nxc6 bxc6 16. Qa4 e5 17. Rad1 Qe6 18. Rfe1 Kf7 19. Bc1 Nb6 20. Qe4 Re8 21. b3 g6 22. Qh4 Qf5 23. c4 h5 24. Nd2 Qg4 25. Qxg4 hxg4 26. Ne4 Ke6 27. Rd3 Be7 28. Red1 Rh7 29. Rd6+ Bxd6 30. Rxd6+ Kf7 31. Nxf6 Rd8 32. Rxd8 Kxf6 33. Rd6+ Kf5 34. Be3 Rc7 35. Kf1 Nd7 36. Ke2 Nf6 37. Rd8 Ne4 38. Kd3 Nf6 39. Ra8 c5 40. Rd8 Ke6 41. Rh8 Rc6 42. h3 gxh3 43. Rxh3 Ng4 44. Ke4 Ra6 45. a4 Nxe3 46. Rxe3 Rd6 47. Rd3 Rxd3 48. Kxd3 a5 49. Ke4 Kd6 50. Kf3 Ke7 51. Kg4 Kf6 52. g3 Kg7 53. Kf3 Kf7 54. Ke4 Ke6 55. f4 exf4 56. gxf4 Kd6 57. Kf3 Ke6 58. Ke4 Kd6 59. Ke3 Ke6 60. Kf2 Kf6 61. Kg2 Kf5 62. Kf3 Ke6 63. Kg4 Kf6 64. Kg3 Kf5 65. Kf3 Ke6 66. Ke4 1/2-1/2

[Event "34th European Club Cup 2018"]
[Site "Halkidiki"]
[Date "2018.10.16"]
[Round "5"]
[White "Haug, Johannes"]
[Black "Petursson, Margeir"]
[Result "1/2-1/2"]
[WhiteElo "2391"]
[BlackElo "2486"]
[Annotator "TA"]
[PlyCount "67"]
[EventDate "2018.10.12"]
[EventType "team-tourn"]
[EventCountry "GRE"]
[SourceTitle "playchess.com"]
[Source "ChessBase"]
[SourceQuality "1"]
[WhiteTeam "Nordstrand"]
[BlackTeam "Reykjavik"]

1. d4 Nf6 2. c4 e6 3. Nf3 Bb4+ 4. Bd2 a5 5. g3 d6 6. Bg2 Nbd7 7. O-O e5 8. Bxb4 axb4 9. Qb3 c5 10. dxc5 dxc5 11. Nbd2 O-O 12. a3 bxa3 13. Rxa3 Rxa3 14. Qxa3 Re8 15. Ng5 Qc7 16. Rd1 Rd8 17. Nf1 h6 18. Ne4 b6 19. Nxf6+ Nxf6 20. Rxd8+ Qxd8 21. Qa8 Ne8 22. Bh3 Nd6 23. Ne3 Kh7 24. Bxc8 Qxc8 25. Qxc8 Nxc8 26. Nd5 Kg8 27. b3 Kf8 28. e4 Ke8 29. Kg2 Kd7 30. f4 f6 31. Kf3 Ke6 32. f5+ Kf7 33. Ke3 h5 34. Kd3 1/2-1/2

[Event "34th European Club Cup 2018"]
[Site "Halkidiki"]
[Date "2018.10.16"]
[Round "5"]
[White "Bosman, Michiel"]
[Black "Braun, Christian"]
[Result "1/2-1/2"]
[WhiteElo "2390"]
[BlackElo "2396"]
[Annotator "TA"]
[PlyCount "61"]
[EventDate "2018.10.12"]
[EventType "team-tourn"]
[EventCountry "GRE"]
[SourceTitle "playchess.com"]
[Source "ChessBase"]
[SourceQuality "1"]
[WhiteTeam "Leiden"]
[BlackTeam "Aachen"]

1. c4 Nf6 2. Nc3 g6 3. e4 d6 4. d4 Bg7 5. Be2 O-O 6. Be3 c5 7. d5 e6 8. Nf3 exd5 9. cxd5 Bg4 10. Nd2 Bxe2 11. Qxe2 Qe7 12. O-O Ne8 13. f4 f5 14. exf5 gxf5 15. Qd3 Nf6 16. Rae1 Qd7 17. Nf3 h6 18. Bf2 Na6 19. Re2 Rae8 20. Rfe1 Nc7 21. Nh4 Rxe2 22. Rxe2 Ng4 23. Ng6 Rf7 24. Bh4 Bd4+ 25. Kf1 Nf6 26. Bxf6 Bxf6 27. Ne5 dxe5 28. fxe5 Bg7 29. e6 Nxe6 30. Rxe6 Rf6 31. Rxf6 1/2-1/2

[Event "34th European Club Cup 2018"]
[Site "Halkidiki"]
[Date "2018.10.16"]
[Round "5"]
[White "Aabling-Thomsen, Jakob"]
[Black "Warmerdam, Max"]
[Result "0-1"]
[WhiteElo "2388"]
[BlackElo "2417"]
[Annotator "TA"]
[PlyCount "92"]
[EventDate "2018.10.12"]
[EventType "team-tourn"]
[EventCountry "GRE"]
[SourceTitle "playchess.com"]
[Source "ChessBase"]
[SourceQuality "1"]
[WhiteTeam "Bronshoj"]
[BlackTeam "Apeldoorn"]

1. c4 g6 2. Nc3 Bg7 3. d4 c5 4. d5 Nf6 5. e4 d6 6. Be2 O-O 7. Bg5 e6 8. Nf3 exd5 9. cxd5 Bg4 10. Nd2 Bxe2 11. Qxe2 Re8 12. O-O a6 13. a4 Nbd7 14. a5 Qc7 15. f3 h6 16. Be3 Re7 17. Kh1 Rae8 18. Ra3 Nh5 19. g4 Nhf6 20. f4 b5 21. axb6 Nxb6 22. Qf3 Nfxd5 23. Nxd5 Nxd5 24. exd5 c4 25. Bf2 Bxb2 26. Rc3 Bxc3 27. Qxc3 Re2 28. Nf3 R2e4 29. Qf6 Qe7 30. Qxe7 R8xe7 31. Kg2 Rxf4 32. Kg3 g5 33. Rc1 Ree4 34. h3 f5 35. gxf5 Rxf5 36. Rc3 Rxd5 37. Ne1 Rd1 38. Ng2 d5 39. Rc2 Rd3+ 40. Kh2 c3 41. Be1 d4 42. Kg1 Rd1 43. Kf2 d3 44. Rxc3 Re2+ 45. Kf3 Rexe1 46. Nxe1 d2 0-1

[Event "34th European Club Cup 2018"]
[Site "Halkidiki"]
[Date "2018.10.16"]
[Round "5"]
[White "Van Delft, Merijn"]
[Black "Laursen, Niels Norskov"]
[Result "1/2-1/2"]
[WhiteElo "2381"]
[BlackElo "2304"]
[Annotator "TA"]
[PlyCount "99"]
[EventDate "2018.10.12"]
[EventType "team-tourn"]
[EventCountry "GRE"]
[SourceTitle "playchess.com"]
[Source "ChessBase"]
[SourceQuality "1"]
[WhiteTeam "Apeldoorn"]
[BlackTeam "Bronshoj"]

1. e4 d6 2. d4 Nf6 3. Nc3 g6 4. Be3 a6 5. h3 Bg7 6. f4 O-O 7. Nf3 e6 8. Bd3 Nc6 9. e5 Nd5 10. Nxd5 exd5 11. Qd2 dxe5 12. fxe5 f6 13. exf6 Qxf6 14. O-O-O Bf5 15. h4 Rae8 16. h5 Bxd3 17. cxd3 Qe7 18. Rde1 Qb4 19. hxg6 Qxd2+ 20. Kxd2 hxg6 21. Rh4 Re6 22. Bf2 Rfe8 23. Rxe6 Rxe6 24. Bg3 Re7 25. Rg4 Bh6+ 26. Kc3 Kf7 27. Be5 Bg7 28. Bxg7 Kxg7 29. Rg5 Rd7 30. b4 Kf6 31. Rg4 Re7 32. a4 Re2 33. b5 axb5 34. axb5 Ne7 35. Rf4+ Ke6 36. g4 b6 37. Rf8 Ra2 38. g5 Rg2 39. Rf6+ Kd7 40. Ne5+ Ke8 41. Re6 Kd8 42. Nxg6 Nxg6 43. Rxg6 Kc8 44. Rg8+ Kb7 45. g6 Ka7 46. Rd8 Rxg6 47. Rxd5 Kb7 48. Rd7 Kc8 49. Rf7 Rg1 50. Kc4 1/2-1/2

[Event "34th European Club Cup 2018"]
[Site "Halkidiki"]
[Date "2018.10.16"]
[Round "5"]
[White "Ootes, Lars"]
[Black "Stojcevski, Zoran"]
[Result "1/2-1/2"]
[WhiteElo "2372"]
[BlackElo "2348"]
[Annotator "TA"]
[PlyCount "93"]
[EventDate "2018.10.12"]
[EventType "team-tourn"]
[EventCountry "GRE"]
[SourceTitle "playchess.com"]
[Source "ChessBase"]
[SourceQuality "1"]
[WhiteTeam "BSG"]
[BlackTeam "Asseco SEE"]

1. c4 e5 2. Nc3 f5 3. d4 e4 4. g4 Bb4 5. g5 Nc6 6. Nh3 d6 7. Nf4 Bxc3+ 8. bxc3 Nge7 9. e3 Ng6 10. Qh5 Nce7 11. c5 O-O 12. cxd6 cxd6 13. Bc4+ d5 14. Bb3 Nxf4 15. exf4 Ng6 16. Rg1 Be6 17. Rg3 Qc7 18. Rh3 Kf7 19. Bd2 b5 20. Qe2 a6 21. Qe3 Qd6 22. Bd1 Kg8 23. Kf1 Rfc8 24. Rg3 Bd7 25. Rg1 a5 26. Kg2 b4 27. cxb4 axb4 28. Kg3 Ra3 29. Bb3 Ba4 30. Rac1 Ra8 31. Rc5 Bxb3 32. axb3 Rb8 33. Rb1 Nf8 34. Qe2 Ne6 35. Rb5 Nxd4 36. Rxb8+ Qxb8 37. Qd1 Ne6 38. Rc1 g6 39. Rc6 Kf7 40. Be3 d4 41. Rxe6 Kxe6 42. Qxd4 Qd6 43. Qc4+ Kd7 44. Qf7+ Kc6 45. Qc4+ Kd7 46. Qf7+ Kc6 47. Qc4+ 1/2-1/2

[Event "34th European Club Cup 2018"]
[Site "Halkidiki"]
[Date "2018.10.16"]
[Round "5"]
[White "Nikolovski, Nikola"]
[Black "Willemze, Thomas"]
[Result "1-0"]
[WhiteElo "2369"]
[BlackElo "2408"]
[Annotator "TA"]
[PlyCount "71"]
[EventDate "2018.10.12"]
[EventType "team-tourn"]
[EventCountry "GRE"]
[SourceTitle "playchess.com"]
[Source "ChessBase"]
[SourceQuality "1"]
[WhiteTeam "Asseco SEE"]
[BlackTeam "BSG"]

1. e4 g6 2. d4 Bg7 3. Nc3 c6 4. Nf3 d5 5. h3 Nh6 6. g4 f6 7. Be3 Nf7 8. Qd2 O-O 9. O-O-O b5 10. exd5 b4 11. Na4 Qa5 12. b3 cxd5 13. c3 Qc7 14. Kb2 Bd7 15. Nc5 a5 16. Rc1 Qa7 17. Bd3 Rc8 18. h4 Bxg4 19. Nh2 Bd7 20. h5 f5 21. hxg6 hxg6 22. Kb1 Rxc5 23. dxc5 bxc3 24. Qc2 d4 25. Rhg1 Nh8 26. Bc4+ Kf8 27. Bg5 Qxc5 28. f4 Nc6 29. Nf3 Rb8 30. Qe2 Qa3 31. Ne5 Nxe5 32. fxe5 Bxe5 33. Rc2 Bg7 34. Qh2 e5 35. Qh7 d3 36. Qg8# 1-0

[Event "34th European Club Cup 2018"]
[Site "Halkidiki"]
[Date "2018.10.16"]
[Round "5"]
[White "Vogt, Lothar"]
[Black "Vitiugov, Nikita"]
[Result "0-1"]
[WhiteElo "2368"]
[BlackElo "2709"]
[Annotator "TA"]
[PlyCount "50"]
[EventDate "2018.10.12"]
[EventType "team-tourn"]
[EventCountry "GRE"]
[SourceTitle "playchess.com"]
[Source "ChessBase"]
[SourceQuality "1"]
[WhiteTeam "Zurich"]
[BlackTeam "St.Petersburg"]

1. e4 e5 2. Nf3 Nc6 3. Bb5 a6 4. Ba4 b5 5. Bb3 g6 6. O-O Bg7 7. c3 Nge7 8. d4 exd4 9. cxd4 d6 10. h3 O-O 11. Nc3 Na5 12. Bc2 Bb7 13. Bg5 h6 14. Bf4 f5 15. exf5 Nxf5 16. Be4 Bxe4 17. Nxe4 Nh4 18. g3 Nxf3+ 19. Qxf3 g5 20. Nxg5 hxg5 21. Qd5+ Rf7 22. Bxg5 Qc8 23. a4 Rb8 24. g4 Qb7 25. Qe6 Nc6 0-1